=LDR 00000nam 2200000 4500 =001 NUTBA000000000006320 =005 20141202105525.0 =006 =007 =008 =020 ##$$a 978-602-9129-12-0 =035 ##$$a 0010-121400000000044 =040 ##$$a NBPDMAT =082 ##$$a 614 =090 ##$$a 614 $b Ars i =100 ##$$a Arsita Eka Prasetyawati =245 ##$$a Ilmu kesehatan masyarakat untuk kebidanan holistik ( Integrasi Community Oriented Ke Family Orienter ) / $c Arsita Eka Prasetyawati =260 ##$$a Yogyakarta : $b Muha media, $c 2011 =300 ##$$a xii, 280 hlm. : $b ilus. ; $c 23 cm. =650 ##$$a Kesehatan Rakyat =850 ##$$a NBPDMAT =990 ##$$a 21418525 =990 ##$$a 21418522 =990 ##$$a 21418523 =990 ##$$a 21418524 =990 ##$$a 21418526